Overseas French Flags - Statistics

General Stats
  • This quiz has been taken 43 times
  • The average score is 9 of 13
Answer Stats
Picture Hint Answer % Correct
South America French Guiana
89%
South Pacific Ocean French Polynesia
80%
Caribbean Sea Guadeloupe
77%
Caribbean Sea Martinique
77%
Indian Ocean Mayotte
77%
South Pacific Ocean New Caledonia
74%
Indian Ocean Réunion
71%
Caribbean Sea Saint Martin
66%
North Atlantic Ocean Saint Pierre and Miquelon
66%
Caribbean Sea Saint Barthélemy
63%
North Pacific Ocean Clipperton Island
57%
South Pacific Ocean Wallis and Futuna
57%
Indian Ocean / Antarctica French Southern and Antarctic Lands
26%
No matching quizzes found
Score Distribution
Percent of People with Each Score
Percentile by Number Answered
Your Score History
You have not taken this quiz